000 01328nam0a22002891 4500
001 rc\4956204
005 20250612213805.0
021 _aRU
_bРг3830-58
035 _a(NLR Aleph) 008860299
090 _a8456858
_c8456858
100 _a20130426d1958 |||y0rusy50 ca
101 0 _arus
102 _aRU
105 _ay z |||||
200 1 _aМетодическое письмо по курсу "Газообразное топливо, его свойства и методы производства" для слушателей специализиации "Газовая теплотехника"
_fМ-во высш. образ. СССР. Всесоюз. заоч. энергет. ин-т. Фак. усовершенствования инженеров
210 _aМосква
_cБ. и.
_d1958
215 _a[1], 36 с.
_d29
300 _aЛитогр.
300 _aВ конце текста сост.: д-р техн. наук проф. М.Б. Равич
700 1 _4220
_7ca
_8rus
_aРавич
_bМ. Б.
_f1906-1993
_gМарк Борисович
_9271548
_3RU\NLR\AUTH\770271604
712 0 2 _aВсесоюзный заочный энергетический институт
801 0 _aRU
_bNLR
_gpsbo
801 1 _aRU
_bELAR
_2rusmarc
852 _aNLR
_j58-8/897
942 _cBOOK
980 _aNB